Giáo trình nguyên lý kế toán

Nguyên lí, các phương pháp kế toán cơ bản, phương pháp chứng từ kế toán và kiểm kê tài sản. Phương pháp tài khoản kế toán và cách ghi chép trên tài khoản. Hệ thống tài khoản kế toán, phân loại tài khoản. Phương pháp tính giá và tính giá t...

全面介绍

Đã lưu trong:
书目详细资料
格式: 图书
语言:Undetermined
出版: Hà Nội Xây dựng 2010
主题:
标签: 添加标签
没有标签, 成为第一个标记此记录!
Thư viện lưu trữ: Trung tâm Học liệu Trường Đại học Cần Thơ
LEADER 01011nam a2200181Ia 4500
001 CTU_159656
008 210402s9999 xx 000 0 und d
020 |c 34000 
082 |a 657 
082 |b Gi108 
245 0 |a Giáo trình nguyên lý kế toán 
260 |a Hà Nội 
260 |b Xây dựng 
260 |c 2010 
520 |a Nguyên lí, các phương pháp kế toán cơ bản, phương pháp chứng từ kế toán và kiểm kê tài sản. Phương pháp tài khoản kế toán và cách ghi chép trên tài khoản. Hệ thống tài khoản kế toán, phân loại tài khoản. Phương pháp tính giá và tính giá thành sản phẩm. Các loại sổ kế toán, báo cáo kế toán, hình thức kế toán, tổ chức công tác kế toán. 
650 |a Accounting,Kế toán 
904 |i Ánh Vân, Bạch Trúc 
980 |a Trung tâm Học liệu Trường Đại học Cần Thơ